Регионална библиотека "Любен Каравелов" - Русе

Научен креационизъм (Запис номер 8234)

MARC детайли
000 -Лидер
Контролно поле с фиксирана дължина 02797nam a2200457 c 4500
003 - Код на организацията, давaща контролен номер
Контролно поле BLK
005 - Дата и час на последна редакция
Контролно поле 20250416161736.0
008 - Елементи от данни с фиксирана дължина
fixed length control field 180412b bul|||||r ||||||| ||bul||
010 ## - Наследен системен номер
LC control number KNG00009571000
020 ## - Международен стандартен номер на книга ISBN
Международен стандартен номер на книга ISBN 954-407-064-8
-- издат.: Нов човек
040 ## - Източник на каталожния запис
Идентификатор на билиотеката - собственик на записа BLK
041 ## - Код за език
Код за езика на текст/звукозапис или на отделно заглавие Български
Код за езика КДБФ Български
080 ## - УДК
Текстов определител УДК Звезди и звездни системи. Вселена - Космически лъчи, междузвездно пространство, Галактика, Млечен път, космология, извънгалактически системи
УДК код - определител по УДК 524
УДК определител
УДК - код + определител 524
080 ## - УДК
Текстов определител УДК Произход на живота. Живот на другите планети. Екзобиология - Абиогенно образуване на първично органическо вещество, възникване на сложни биологични макромолекули и надмолекулни структури, възниква
УДК код - определител по УДК 573.5
УДК определител
УДК - код + определител 573.5
080 ## - УДК
Текстов определител УДК Еволюционно учение. Дарвинизъм. Видообразуване. Филогенез - Борба за съществуване, изолация, адаптация, отбор и др. Биомакромолекули, молекулярна еволюция, клетки и субклетъчни структури, тъ
УДК код - определител по УДК 575.8
УДК определител
УДК - код + определител 575.8
080 ## - УДК
Текстов определител УДК Сътворение на света. Еволюция. Еманация. Вечност на света. Вж и 113;141. 111;231;233;575. 8
УДК код - определител по УДК 213
УДК определител
УДК - код + определител 213
100 1# - Редна дума - Автор
Автор Морис, Хенри
Авторска отговорност първи автор
R(LIN) 253341
139 ## - Редно поле
Редна дума Морис, Хенри
Авторски знак Мор - М 89
245 10 - Сведения за заглавието
Заглавие Научен креационизъм
Подзаглавни данни Един науч. модел на Сътворението
Редно поле (дума) Хенри Морис; прев. от англ. Венцислава Узунова.
257 ## - Страна на издаване
Страна на създаване/издаване Съединени американски щати
260 ## - Област на издателските данни
-- София
Име на издателя, разпространителя и проч. Нов човек
Година на издаване 1995
Печатница Пловдив : Полиграфия
300 ## - Физическа характеристика
Страници 320 с.
Размери/Мащаб 22 см
380 ## - Жанр
Жанр Естествени науки. Математика
500 ## - Общи забележки
Забележка Ориг. загл. Scientific creationism / Henry M. Morris ; 2 100 тир.
650 #4 - Допълнително описание по предмет – тема
Основно описание – тема или топоним Живот - произход и развитие
9 (RLIN) 248266
650 #4 - Допълнително описание по предмет – тема
Основно описание – тема или топоним Еволюция [биол.] - критика
9 (RLIN) 253342
650 #4 - Допълнително описание по предмет – тема
Основно описание – тема или топоним Вселена
9 (RLIN) 151275
650 #4 - Допълнително описание по предмет – тема
Основно описание – тема или топоним Космология
9 (RLIN) 159537
650 #4 - Допълнително описание по предмет – тема
Основно описание – тема или топоним Наука и религия
9 (RLIN) 250298
653 ## - Ключова дума – ненормативна
Ключова дума живот
653 ## - Ключова дума – ненормативна
Ключова дума еволюция
653 ## - Ключова дума – ненормативна
Ключова дума космология
653 ## - Ключова дума – ненормативна
Ключова дума религия
700 1# - Други автори (авторска отговорност)
Лично име Узунова, Венцислава
Автороска отговорност (Описва отношението между автора и произведението) прев. от англ.
9 (RLIN) 250528
852 ## - Местоположение
Форматна сигнатура Цб 184648
856 4# - Електронен адрес и достъп
Електронен формат pdf - файл
Път до файла /url/
856 4# - Електронен адрес и достъп
Електронен формат pdf - файл
Път до файла /url/
942 ## - АРТИКУЛИ
Вид на библиотечния материал Книги
Скрит в OPAC Не
Koha issues (borrowed), all copies 9
944 ## - СЪЗДАВАНЕ И РЕДАКЦИЯ на ЗАПИСА
Създаване/Редакция Създаване
Дата на регистрацията/редакция 15.01.2003
Служител, извършил регистрацията/редакцията 30539
Статус, дата на статуса Кръстинка Христова
944 ## - СЪЗДАВАНЕ И РЕДАКЦИЯ на ЗАПИСА
Създаване/Редакция Редакция
Дата на регистрацията/редакция 08.03.2006
Служител, извършил регистрацията/редакцията
999 ## - СИСТЕМНИ КОНТРОЛНИ НОМЕРА
Koha biblionumber 8234
Koha biblioitemnumber 8234
Наличности
Код за отписване Код за изгубен артикул Източник на класификационната схема Код за повреда Коз за рестрикции Код за отдаване Артикулен № Име на библиотеката - собственик Име на библиотеката, в която се намира в момента Статус (Текущо местоположение) Дата на вписване в системата Местоположение - отдел Цена в лева Инвентарен номер Систематично азбучна сигнатура Баркод Номер на екземпляра Цена в евро Служебна бележка Служебен тип на артикула
Изтеглен Не е изгубен Universal Decimal Classification Не е повреден без рестрикции заемане за дома 14226 Регионална библиотека "Любен Каравелов" Русе Регионална библиотека "Любен Каравелов" Русе Заемна - подръчен фонд 2001-01-01 Заемна - подръчен фонд 1.71 616566 П 524/М 89 616566 1 0.87 Дата инв: 16.02.2018 Бележки инв: П2018 Книги
  Не е изгубен Universal Decimal Classification Не е повреден без рестрикции ползва се в читалня 14227 Регионална библиотека "Любен Каравелов" Русе Регионална библиотека "Любен Каравелов" Русе Читалня 2001-01-01 Читалня 1.71 616567 Ч 52/М 89 120000616567 2 0.87 Дата инв: 15.03.2017 Бележки инв: Ч2017 Книги
  Не е изгубен Universal Decimal Classification Не е повреден без рестрикции ползва се в читалня 14228 Регионална библиотека "Любен Каравелов" Русе Регионална библиотека "Любен Каравелов" Русе Хранилище 2001-01-01 Хранилище 0.00 617963 Цб 184648 120000617963 3 0.00 Дата инв: 20.08.2014 Бележки инв: Цб2014 Книги
  Не е изгубен   Не е повреден без рестрикции заемане за дома 14229 Регионална библиотека "Любен Каравелов" Русе Регионална библиотека "Любен Каравелов" Русе Заемна - подръчен фонд 2006-03-06 Заемна - подръчен фонд 12.00 120000700560 П 524/М 89 120000700560 4 6.14 Дост: DA Вид: А N: 7 Дата: 06.03.2006 Дата инв: 02.02.2018 Бележки инв: П2018 Книги
Vip Innovations Ltd, Rousse, Bulgaria 2025